000 00289nam a22001337a 4500
008 170322b xxu||||| |||| 00| 0 eng d
020 _a9780071614085
041 _aeng
080 _a616.12-008-073
100 _a7
101 _aSHM
245 _aCARDIOLOGY
_cBALIGA, R.R
942 _2udc
_cBK
999 _c8327
_d8327